Normal view
MARC view
Entry Personal Name
001 - CONTROL NUMBER
- control field: 129905
003 - CONTROL NUMBER IDENTIFIER
- control field: OSt
005 - DATE AND TIME OF LATEST TRANSACTION
- control field: 20230811161148.0
008 - FIXED-LENGTH DATA ELEMENTS
- fixed length control field: 230811|| aca||aabn | a|a d
040 ## - CATALOGING SOURCE
- Original cataloging agency: OSt
- Transcribing agency: OSt
100 ## - HEADING--PERSONAL NAME
- Personal name: Pawan Sharma
670 ## - SOURCE DATA FOUND
- Source citation: Work cat.: (OSt): Pawan Sharma, NTA CSIR UGC NET/SET (JRF and Lectureship), 2023